000 00360 a2200157 4500
999 _c12696
_d12696
003 OSt
005 20240705161729.0
008 240705b ||||| |||| 00| 0 eng d
020 _a9783037612750
082 _a720
100 _a Alex Ely
245 _aTowards a Resilient Architecture
260 _bQuart Architektur
_c2023
300 _a274p;
942 _2ddc